|
|
|
|
| LEADER |
00000nas a2200000 a 4500 |
| 001 |
ssj0008806 |
| 003 |
WaSeSS |
| 005 |
20200512172242.0 |
| 006 |
m d |
| 007 |
cr n |
| 008 |
010811c19719999ne ar pss 0 a0eng c |
| 010 |
|
|
|a 2006242124
|
| 016 |
7 |
|
|a 2057792-8
|2 DE-600
|
| 022 |
|
|
|a 1569-1640
|l 0085-5553
|y 0085-5553
|
| 035 |
|
|
|a (WaSeSS)ssj0008806
|
| 037 |
|
|
|b Brill Academic Publisher, P.O. Box 9000, 2300 PA, Leiden, The Netherlands
|
| 037 |
|
|
|a 22573/ctt19j3jzv
|b JSTOR
|
| 040 |
|
|
|a F#A
|b eng
|c F#A
|d OCLCQ
|d MYG
|d OCLCQ
|d U9S
|d OCLCQ
|d OCLCF
|d OCLCQ
|d TEF
|d WT2
|d OCLCQ
|d TOF
|d AU@
|d VT2
|d OCLCQ
|d SFB
|d WaSeSS
|
| 042 |
|
|
|a pcc
|
| 050 |
|
4 |
|a B829.5
|
| 082 |
0 |
4 |
|a 142.7
|
| 130 |
0 |
|
|a Research in phenomenology (Online)
|
| 245 |
1 |
0 |
|a Research in phenomenology
|h [electronic resource].
|
| 260 |
|
|
|a [Leiden, the Netherlands] :
|b Brill Academic Publisher
|
| 310 |
|
|
|a Annual
|
| 362 |
1 |
|
|a Print began in 1971.
|
| 506 |
|
|
|a License restrictions may limit access.
|
| 538 |
|
|
|a Mode of access: World Wide Web.
|
| 588 |
0 |
|
|a Vol. 1 (1971); title from journal information screen (JSTOR, viewed Aug. 1, 2016).
|
| 588 |
1 |
|
|a Vol. 40, no. 3 (2010) (JSTOR, viewed Aug. 1, 2016).
|
| 650 |
|
0 |
|a Phenomenology
|v Periodicals.
|
| 650 |
|
6 |
|a Phénoménologie
|v Collections.
|
| 650 |
|
7 |
|a Phenomenology.
|2 ebps
|
| 650 |
|
7 |
|a Phenomenology.
|2 fast
|0 (OCoLC)fst01060522
|
| 655 |
|
0 |
|a Electronic journals.
|
| 776 |
1 |
|
|t Research in phenomenology
|x 0085-5553
|w (DLC) 72176038
|w (OCoLC)1763770
|
| 856 |
4 |
0 |
|z Full text available from Research Library: 01/01/1997 to 5 years ago
|u https://search.proquest.com/publication/36827
|